000 00465nam a2200169Ia 4500
003 GCL
008 140319s9999 xx 000 0 ara d
040 _aGCL /
_cGCL
082 0 4 _aد
_b050
100 1 _aاحمد عبدالحميد يوسف
245 1 0 _aمصر فى القران و السنة (اقرا 373 ) /
_cاحمد عبدالحميد يوسف
300 _a222
490 _aاقرأ
_v0
650 0 4 _aمصر
650 0 4 _aالقران
942 _2ddc
_cBK
999 _c49082
_d49082